All Warriors Cats Super Editions - Statistics

General Stats
  • This quiz has been taken 49 times
    15 since last reset
  • The average score is 9 of 15
Answer Stats
Answer % Correct
Crookedstar’s Promise
83%
Bluestar’s Prophecy
75%
Firestar’s Quest
75%
Tallstar’s Revenge
75%
Yellowfang’s Secret
75%
Leopardstar’s Honor
67%
Onestar's Confession
67%
Bramblestar’s Storm
58%
Graystripe’s Vow
58%
Moth Flight’s Vision
58%
SkyClan’s Destiny
58%
Squirrelflight’s Hope
58%
Hawkwing's Journey
50%
Tigerheart’s Shadow
42%
Crowfeather’s Trial
33%
No matching quizzes found
Score Distribution
Percent of People with Each Score
Percentile by Number Answered
Your Score History
You have not taken this quiz since the last reset